<?xml version="1.0" encoding="UTF-8"?>
<record
    xmlns:xsi="http://www.w3.org/2001/XMLSchema-instance"
    xsi:schemaLocation="http://www.loc.gov/MARC21/slim http://www.loc.gov/standards/marcxml/schema/MARC21slim.xsd"
    xmlns="http://www.loc.gov/MARC21/slim">

  <leader>00677cam a22002171  4500</leader>
  <controlfield tag="001">he 67001070 </controlfield>
  <controlfield tag="003">DLC</controlfield>
  <controlfield tag="005">20260227111447.0</controlfield>
  <controlfield tag="008">840406s1797    gr            000 0 heb  </controlfield>
  <datafield tag="010" ind1=" " ind2=" ">
    <subfield code="a">he 67001070 </subfield>
  </datafield>
  <datafield tag="035" ind1=" " ind2=" ">
    <subfield code="a">(OCoLC)19144268</subfield>
  </datafield>
  <datafield tag="040" ind1=" " ind2=" ">
    <subfield code="a">DLC</subfield>
    <subfield code="c">MH</subfield>
    <subfield code="d">DLC</subfield>
  </datafield>
  <datafield tag="042" ind1=" " ind2=" ">
    <subfield code="a">premarc</subfield>
  </datafield>
  <datafield tag="050" ind1="0" ind2="0">
    <subfield code="a">BM522.61</subfield>
    <subfield code="b">.E29</subfield>
  </datafield>
  <datafield tag="100" ind1="1" ind2=" ">
    <subfield code="a">Medina, Shmuel de,</subfield>
    <subfield code="d">1506-1589.</subfield>
  </datafield>
  <datafield tag="245" ind1="1" ind2="0">
    <subfield code="a">She&#x2BC;elot u-teshuvot.</subfield>
  </datafield>
  <datafield tag="260" ind1=" " ind2=" ">
    <subfield code="a">Salonika :</subfield>
    <subfield code="b">Nidpas be-vet Shabtai Ne&#x1E25;amah, bi-defus beno &#x1E24;ayim Avraham ben Shabtai &#x1E7F;a-&#x1E25;avero &#x2BB;Adi ben Ya&#x2BC;udah ha-Levi Ashkenasi,</subfield>
    <subfield code="c">[1797-1798]</subfield>
  </datafield>
  <datafield tag="300" ind1=" " ind2=" ">
    <subfield code="a">v.   ;</subfield>
    <subfield code="c">30 cm.</subfield>
  </datafield>
  <datafield tag="650" ind1=" " ind2="0">
    <subfield code="a">Responsa</subfield>
    <subfield code="y">1040-1600.</subfield>
  </datafield>
  <datafield tag="752" ind1=" " ind2=" ">
    <subfield code="a">Greece</subfield>
    <subfield code="d">Salonika</subfield>
  </datafield>
  <datafield tag="999" ind1=" " ind2=" ">
    <subfield code="c">32412</subfield>
    <subfield code="d">32412</subfield>
  </datafield>
</record>
